| 000 | 00841nas a2200289 4500 | ||
|---|---|---|---|
| 001 | BR0604137 | ||
| 003 | BR-BrBNA | ||
| 005 | 20231205110419.0 | ||
| 007 | ta | ||
| 008 | 230509b bl.|||p| |||| 00| 00por d | ||
| 040 |
_aBR-BrBNA _bpor _cBiblioteca Nacional de Agricultura |
||
| 041 | _a(Pt) | ||
| 072 | _aM12 | ||
| 100 | 1 | _aNunes, E. da S.S. | |
| 100 | 1 | _aCavero, B.A.S. | |
| 100 | 1 | _aPereira-Filho, M. | |
| 100 | 1 | _aRoubach, R. | |
| 245 | 1 | _aEnzimas digestivas exógenas na alimentação de juvenis de tambaqui | |
| 650 | _aTAMBAQUI | ||
| 650 | _aPISCICULTURA | ||
| 650 | _aAMILASE | ||
| 650 | _aLIPASE | ||
| 650 | _aDIGESTIBILIDADE | ||
| 773 | 0 |
_tPesquisa Agropecuária Brasileira (Brazil) _xISSN 0100-204X _g(Jan 2006), v. 41(1) p. 139-143 _wBR0604137 |
|
| 909 |
_a202311 _bLúcia _c55 _dLúcia Elande |
||
| 942 |
_2AGRIS _n0 _cANA |
||
| 999 |
_c187294 _d187294 |
||